Mathematical methods for physicists : (Record no. 1833)

MARC details
000 -LEADER
fixed length control field 00892nam a22002777a 4500
001 - CONTROL NUMBER
control field 17367849
003 - CONTROL NUMBER IDENTIFIER
control field OSt
005 - DATE AND TIME OF LATEST TRANSACTION
control field 20250520075959.0
008 - FIXED-LENGTH DATA ELEMENTS--GENERAL INFORMATION
fixed length control field 250520b |||||||| |||| 00| 0 eng d
010 ## - LIBRARY OF CONGRESS CONTROL NUMBER
LC control number 2012418308
020 ## - INTERNATIONAL STANDARD BOOK NUMBER
International Standard Book Number 9780123846549
040 ## - CATALOGING SOURCE
Original cataloging agency KMU
Transcribing agency KMU
042 ## - AUTHENTICATION CODE
Authentication code pcc
050 00 - LIBRARY OF CONGRESS CALL NUMBER
Classification number QA37.3
Item number .A74 2013
100 1# - MAIN ENTRY--PERSONAL NAME
Personal name Arfken, George B.
Fuller form of name (George Brown),
Dates associated with a name 1922-
245 10 - TITLE STATEMENT
Title Mathematical methods for physicists :
Remainder of title a comprehensive guide /
Statement of responsibility, etc. George B. Arfken, Hans J. Weber, Frank E. Harris.
250 ## - EDITION STATEMENT
Edition statement 7th ed.
260 ## - PUBLICATION, DISTRIBUTION, ETC.
Place of publication, distribution, etc. Amsterdam ;
-- Boston :
Name of publisher, distributor, etc. Elsevier,
Date of publication, distribution, etc. c2013.
300 ## - PHYSICAL DESCRIPTION
Extent xiii, 1205 p. :
Other physical details ill. ;
Dimensions 25 cm.
650 #0 - SUBJECT ADDED ENTRY--TOPICAL TERM
Topical term or geographic name entry element Mathematics.
650 #0 - SUBJECT ADDED ENTRY--TOPICAL TERM
Topical term or geographic name entry element Mathematical physics.
700 1# - ADDED ENTRY--PERSONAL NAME
Personal name Weber, Hans-Jurgen.
700 1# - ADDED ENTRY--PERSONAL NAME
Personal name Harris, Frank E.
942 ## - ADDED ENTRY ELEMENTS (KOHA)
Source of classification or shelving scheme Library of Congress Classification
Koha item type Non-Fiction
Suppress in OPAC No
Holdings
Withdrawn status Lost status Source of classification or shelving scheme Damaged status Not for loan Collection Home library Current library Shelving location Date acquired Source of acquisition Total Checkouts Full call number Barcode Date last seen Price effective from Koha item type
    Library of Congress Classification     Non-fiction Kapasa Makasa University Kapasa Makasa University Open Access 20.05.2025 ZLS   QA37.3 Arf 301167 20.05.2025 20.05.2025 Non-Fiction
    Library of Congress Classification     Non-fiction Kapasa Makasa University Kapasa Makasa University Open Access 20.05.2025 ZLS   QA37.3 Arf 301164 20.05.2025 20.05.2025 Non-Fiction